The Test Rate of discount and Changes in Base-Level Income in the United Kingdom (Registro nro. 26445)

Detalles MARC
000 -LEADER
fixed length control field 00368 a2200109 4500
001 - CONTROL NUMBER
control field ART_12550
005 - DATE AND TIME OF LATEST TRANSACTION
control field 20260410161907.0
008 - FIXED-LENGTH DATA ELEMENTS--GENERAL INFORMATION
fixed length control field 260409a
100 1# - MAIN ENTRY--PERSONAL NAME
Personal name Scoott, M. F. G.
245 10 - TITLE STATEMENT
Title The Test Rate of discount and Changes in Base-Level Income in the United Kingdom
773 0# - HOST ITEM ENTRY
Title The Economic Journal
Related parts - Vol. 87, Nº 346 (jun. 1977)
Record control number REV12512

No hay ítems disponibles.